| 000 | 01337naa a2200385 c 4500 | ||
|---|---|---|---|
| 001 | 29328 | ||
| 003 | ES-MaCES | ||
| 005 | 19981124150200.0 | ||
| 008 | 960513n1994 sp ||| | spa d | ||
| 035 | _aCES19980032724v | ||
| 040 |
_aES-MaCES _bspa _cES-MaCES |
||
| 100 | 1 |
_aMelis, Africa _918356 |
|
| 245 | 1 | 0 |
_aMujeres trabajadoras, mujeres empresarias y formación _cAfrica Melis |
| 500 | _aResumen en castellano e inglés | ||
| 504 | _aBibliografía: p. 308 | ||
| 650 | 4 |
_acuadros estadísticos _928890 |
|
| 650 | 4 |
_apequeña empresa _930173 |
|
| 650 | 4 |
_acreación de empresa _930016 |
|
| 650 | 4 |
_adesarrollo gerencial _928199 |
|
| 650 | 4 |
_aalta dirección _928192 |
|
| 650 | 4 |
_aempresario _928188 |
|
| 650 | 4 |
_atrabajador independiente _928412 |
|
| 650 | 4 |
_adiferencia del salario _929458 |
|
| 650 | 4 |
_adivisión del trabajo por sexo _930439 |
|
| 650 | 4 |
_adiscriminación por razones de sexo _929521 |
|
| 650 | 4 |
_atasa de actividad de mano de obra _929463 |
|
| 650 | 4 |
_atrabajadora _928413 |
|
| 650 | 4 |
_amujeres _928657 |
|
| 650 | 4 |
_aEuropa _926940 |
|
| 653 | 1 | 0 | _aMujer |
| 773 | 0 |
_tRevista de economía y sociología del trabajo _gMadrid. - N. 25-26 (sept.-dic. 1994) ; p. 302-309 _w(ES-MaCES)25168 |
|
| 902 | _aART Artículo de revista | ||
| 942 |
_2CES _cAR _h3.3. |
||
| 999 |
_c29328 _d29328 |
||